| 000 | 00416nam a2200193Ia 4500 | ||
|---|---|---|---|
| 001 | 12770 | ||
| 003 | GE_BSU | ||
| 008 | 181216s||||||||xx |||||||||||||| ||und|| | ||
| 040 | _cGE_BSU | ||
| 080 | _a821.111-32 | ||
| 100 | _aInnes,Hammond. | ||
| 245 | 4 | _aThe Strange Land. | |
| 260 | _aLondon. | ||
| 260 | _bFontana Books. | ||
| 260 | _c1971 | ||
| 300 | _a255p.18cm. | ||
| 653 | _aThe Strange Land. | ||
| 942 | _cBK | ||
| 999 |
_c45941 _d45941 |
||